Montanstatistik des Deutschen Reichs und Luxemburgs (Record no. 189521)

MARC details
000 -LEADER
campo de control de longitud fija 00982nam a2200193 i 4500
001 - NÚMERO DE CONTROL
campo de control 189521
003 - IDENTIFICADOR DE NÚMERO DE CONTROL
campo de control ES-MaACL
005 - FECHA Y HORA DE LA ÚLTIMA TRANSACCIÓN
campo de control 20230906223507.0
008 - DATOS DE LONGITUD FIJA--INFORMACIÓN GENERAL
campo de control de longitud fija 190606m18771894gw |||| | ger d
245 00 - MENCIÓN DEL TÍTULO
Título Montanstatistik des Deutschen Reichs und Luxemburgs
Resto del título : umfassend die produktion der bergwerke, salinen und hütten und die verarbeitung des roheisens : im Jahre 1875, mit Jahresnachweisen seit 1866 /
Mención de responsabilidad, etc. Herausgegeben vom Kaiselichen Amt.
246 3# - FORMA VARIANTE DEL TITULO
Título propio/Titulo breve Monatshefte zur Statistik des Deutschen Reichs
260 ## - PUBLICACIÓN, DISTRIBUCIÓN, ETC.
Lugar de publicación, distribución, etc. Berlin :
Nombre del editor, distribuidor, etc. Puttkammer & Mühlbrecht,
Fecha de publicación, distribución, etc. 1877-1894.
300 ## - DESCRIPCIÓN FÍSICA
Extensión 1 v. (pag. variada) ;
Dimensiones 32 cm.
595 ## -
-- Separatabdruck aus dem Februarheft der Monatshefte zur Statistik des Deutschen Reichs, Jahrgang 1877.
650 #4 - PUNTO DE ACCESO ADICIONAL DE MATERIA--TÉRMINO DE MATERIA
Término de materia o nombre geográfico como elemento de entrada Industria metalúrgica-
Subdivisión geográfica Alemania.
9 (RLIN) 167299
650 #4 - PUNTO DE ACCESO ADICIONAL DE MATERIA--TÉRMINO DE MATERIA
Término de materia o nombre geográfico como elemento de entrada Industria metalúrgica-
Subdivisión geográfica Luxemburgo.
9 (RLIN) 167300
650 #4 - PUNTO DE ACCESO ADICIONAL DE MATERIA--TÉRMINO DE MATERIA
Término de materia o nombre geográfico como elemento de entrada Minas-
Subdivisión geográfica Alemania.
9 (RLIN) 167308
852 ## - LOCALIZACIÓN
Ubicación ES-MaACL
Número de control de estantería L-32427
Nota libre - Enc. hol.
-- . - Legado Federico de Botella y de Hornos
Holdings
Estatus retirado Estado de pérdida Estado de daño No para préstamo Colección Biblioteca de origen Biblioteca actual Ubicación en estantería Fecha de adquisición Fuente de adquisición Total de préstamos Signatura topográfica completa Código de barras Visto por última vez Precio de reemplazo Tipo de ítem Koha
        Libros del s. XIX Biblioteca del Ateneo de Madrid Biblioteca del Ateneo de Madrid Depósito 2 06/06/2019     L-32427 1200818 23/02/2023 23/02/2023 Libro impreso antiguo